| Tag |
First Indicator |
Second Indicator |
Subfields |
| LEADER |
00000cam a2200000 a 4500 |
| 001 |
in00001174821 |
| 005 |
20151001073155.0 |
| 008 |
930708s1993 enkab b 001 0 eng |
| 010 |
|
|
|a 93028924
|
| 020 |
|
|
|a 0470200030 (USA : pbk.)
|
| 020 |
|
|
|a 0582097983
|
| 035 |
|
|
|a (OCoLC)28508450
|
| 035 |
|
|
|9 AGE6530AM
|
| 040 |
|
|
|a DLC
|c DLC
|d TXA
|d UtOrBLW
|
| 043 |
|
|
|a e-uk---
|
| 049 |
|
|
|a TXAM
|
| 050 |
0 |
0 |
|a TE57
|b .M33 1993
|
| 082 |
0 |
0 |
|a 388.1/0941
|2 20
|
| 100 |
1 |
|
|a Macpherson, Gavin.
|
| 245 |
1 |
0 |
|a Highway and transportation engineering and planning /
|c Gavin Macpherson.
|
| 264 |
|
1 |
|a Harlow, Essex, England :
|b Longman Scientific & Technical ;
|a New York, NY :
|b Copublished in the U.S. with J. Wiley,
|c 1993.
|
| 300 |
|
|
|a xviii, 385 pages :
|b illustrations, maps ;
|c 22 cm.
|
| 336 |
|
|
|a text
|b txt
|2 rdacontent
|
| 337 |
|
|
|a unmediated
|b n
|2 rdamedia
|
| 338 |
|
|
|a volume
|b nc
|2 rdacarrier
|
| 500 |
|
|
|a Cover title: Highway & transportation engineering & planning.
|
| 504 |
|
|
|a Includes bibliographical references and index.
|
| 650 |
|
0 |
|a Highway engineering
|z Great Britain.
|
| 650 |
|
0 |
|a Highway planning
|z Great Britain.
|
| 650 |
|
0 |
|a Transportation engineering
|z Great Britain.
|
| 650 |
|
0 |
|a Transportation
|z Great Britain
|x Planning.
|
| 740 |
0 |
|
|a Highway & transportation engineering & planning.
|
| 999 |
|
|
|a MARS
|
| 999 |
f |
f |
|s ec7b2d19-0cd8-3c95-90b5-07a988ffdabf
|i e59d4a02-60aa-3d4a-8cb9-9514b04eed30
|t 0
|
| 952 |
f |
f |
|p ric
|a Texas A&M University
|b Rellis Campus
|c Joint Library Facility
|d Remote Storage
|t 0
|e TE57 .M33 1993
|h Library of Congress classification
|i unmediated -- volume
|m A14817980111
|
| 998 |
f |
f |
|a TE57 .M33 1993
|t 0
|l Remote Storage
|